Mémoires pour servir a l'histoire de France sous le Règne de Napoléon / (Registro nro. 159347)

Detalles MARC
000 -LEADER
campo de control de longitud fija 00975nam a22002175i 4500
001 - NÚMERO DE CONTROL
campo de control 159347
003 - IDENTIFICADOR DE NÚMERO DE CONTROL
campo de control ES-MaACL
005 - FECHA Y HORA DE LA ÚLTIMA TRANSACCIÓN
campo de control 20230906211544.0
008 - DATOS DE LONGITUD FIJA--INFORMACIÓN GENERAL
campo de control de longitud fija 970905s1830 fr |||| | fre d
040 ## - FUENTE DE CATALOGACIÓN
Centro catalogador/agencia de origen AR
Lengua de catalogación spa
Centro/agencia transcriptor AR
245 00 - MENCIÓN DEL TÍTULO
Título Mémoires pour servir a l'histoire de France sous le Règne de Napoléon /
Mención de responsabilidad, etc. écrits a Ste-Héléne sous sa dictée par les Généraux qui ont partagé sa captivité.
250 ## - MENCION DE EDICION
Mención de edición 2\pe\s éd... augm. de chapitres inédits ...
260 ## - PUBLICACIÓN, DISTRIBUCIÓN, ETC.
Lugar de publicación, distribución, etc. Paris :
Nombre del editor, distribuidor, etc. Bossange Pèrè :
-- Dufour et C\pie\s,
Fecha de publicación, distribución, etc. 1830 (
Fabricante Impr. de Gaultier-Laguionie)
300 ## - DESCRIPCIÓN FÍSICA
Extensión 9 v. (XXXV, 474 ; 466 ; 414 ; 456 ; 470 ; 437 ; 504 ; 438, 573 p.), [2] h. pleg. ;
Dimensiones 22 cm.
505 8# - NOTA DE CONTENIDO CON FORMATO
Nota de contenido con formato Pieces historiques: p. 273-533, t. 9
700 11 - ENTRADA AGREGADA--NOMBRE PERSONAL
Nombre de persona Bossange
Títulos y otros términos asociados al nombre , Pèrè,
Término indicativo de función/relación
9 (RLIN) 126091
700 11 - ENTRADA AGREGADA--NOMBRE PERSONAL
Nombre de persona Dufour,
Término indicativo de función/relación
9 (RLIN) 126864
700 21 - ENTRADA AGREGADA--NOMBRE PERSONAL
Nombre de persona Gaultier-Laguionie,
Término indicativo de función/relación
9 (RLIN) 127263
700 01 - ENTRADA AGREGADA--NOMBRE PERSONAL
Nombre de persona Napoleón
Numeración I
Títulos y otros términos asociados al nombre , Emperador de Francia.
9 (RLIN) 84910
852 ## - LOCALIZACIÓN
Ubicación ES-MaACL
Número de control de estantería F-7323-7331
Nota libre -- Enc. hol.
Existencias
Estatus retirado Estado de pérdida Estado de daño No para préstamo Colección Biblioteca de origen Biblioteca actual Ubicación en estantería Fecha de adquisición Fuente de adquisición Total de préstamos Signatura topográfica completa Código de barras Visto por última vez Precio de reemplazo Tipo de ítem Koha
        Libros del s. XIX Biblioteca del Ateneo de Madrid Biblioteca del Ateneo de Madrid Depósito 2 17/01/2008     F-7323-7331 1166813 23/02/2023 23/02/2023 Libro impreso antiguo